ARRUPE JESUIT UNIVERSITY

CORONAVIRUS -STOP THE SPREAD - CLEAN,DISINFECT,COVER

The archaelogical identity of the Mutapa State (Record no. 7447)

MARC details
000 -LEADER
fixed length control field 00533nam a2200193Ia 4500
003 - CONTROL NUMBER IDENTIFIER
control field 0100
005 - DATE AND TIME OF LATEST TRANSACTION
control field 20170531123717.0
008 - FIXED-LENGTH DATA ELEMENTS--GENERAL INFORMATION
fixed length control field 130303s9999 xx 000 0 und d
020 ## - INTERNATIONAL STANDARD BOOK NUMBER
International Standard Book Number 9150610074
040 ## - CATALOGING SOURCE
Transcribing agency ARRUPELIB
050 ## - LIBRARY OF CONGRESS CALL NUMBER
Classification number DT2906.P551993
100 ## - MAIN ENTRY--PERSONAL NAME
Personal name Pikirayi, Innocent
9 (RLIN) 31771
245 #4 - TITLE STATEMENT
Title The archaelogical identity of the Mutapa State
245 ## - TITLE STATEMENT
Remainder of title towards an historical archaelogy of northern Zimbabwe
260 ## - PUBLICATION, DISTRIBUTION, ETC. (IMPRINT)
Place of publication, distribution, etc Uppsala
Name of publisher, distributor, etc Societas Archaeologica Upsaliensis
Date of publication, distribution, etc 1993
300 ## - PHYSICAL DESCRIPTION
Extent 200p. 30cm
700 ## - ADDED ENTRY--PERSONAL NAME
Personal name Innocent Pikirayi
9 (RLIN) 31772
942 ## - ADDED ENTRY ELEMENTS (KOHA)
Source of classification or shelving scheme Library of Congress Classification
Koha item type Monograph ( Printed materials)
Holdings
Withdrawn status Lost status Source of classification or shelving scheme Damaged status Not for loan Collection code Home library Current library Shelving location Date acquired Total Checkouts Full call number Barcode Date last seen Copy number Price effective from Koha item type
    Library of Congress Classification     Main Collection ARRUPE LIBRARY ARRUPE LIBRARY   04/03/2013   DT2906.P551993 46003041063 29/10/2014 1 04/03/2013 Monograph ( Printed materials)

 

Arrupe Library. PO Box MP320 Mt Pleasant, Harare, Zimbabwe
263 242 745411|librarian@aju.ac.zw